00556nam a2200181Ia 450000500170000000800410001704000190005804100120007708200160008910000160010524500910012126000410021230000300025350400400028365000260032370000150034985000100036420221123111704.0131103s9999 xx 000 0 und d aLoreto College aEnglish a954.03bWIL aWilson,C.R. aGlimpsesof the older timesb India under East India Company cC.R.Wilson and W.H.Carey aCalcuttabEastlight Book Housec1968 axiv,199 p.b plates,illus aIncludes bibliographical references aModern Indian History aCarey,W.H. aLCLIB